El retrato de Dorian Gray / (Registro nro. 2592)

Detalles MARC
000 -LEADER
fixed length control field 01693nam a22002177a 4500
005 - FECHA ULTIMA MODIFICACION
control field 20240924125949.0
008 - CAMPO DE CONTROL (LIBRO)
fixed length control field 211117s2007 ag ||||g |||| 001 f spa||
020 ## - INTERNATIONAL STANDARD BOOK NUMBER
ISBN 9789871093526
041 ## - CODIGO DE IDIOMA
Código de idioma del texto/pista de sonido o título separado spa
092 ## - SIGNATURA TOPOGRAFICA DEWEY LOCAL
número de clasificación 808.8
libristica 95
sección WIL
100 1# - ENTRADA PRINCIPAL--NOMBRE PERSONAL
Nombre personal Wilde, Oscar
9 (RLIN) 1209
245 #3 - TITULO PROPIAMENTE DICHO
Título El retrato de Dorian Gray /
Mención de responsabilidad y remanente de la transcripción de la portada Oscar Wilde
250 ## - MENCION DE EDICION
Mención de edición 1a ed. 2a reimp.
Mención de responsabilidad relacionada con la ed. Trad. Sergio Albano
260 ## - PIE DE IMPRENTA
Lugar de publicación, distribución, etc Buenos Aires:
Nombre de la editorial, distribuidor, etc Gradifco;
Fecha de publicación 2007.
300 ## - DESCRIPCION FISICA
Extension 256 p.
Dimensiones 19x12 cm.
500 ## - NOTA GENERAL
Nota general Wilde, O. (2007). El retrato de Dorian Gray. (1a ed.). Buenos Aires : Gradifco.
505 ## - NOTA DE CONTENIDO
Nota de contenido formateada Cuando, en 1890, el Lippincott's Magazine publicó El Retrato de Dorian Gray, el rechazo y condena de la crítica inglesa fue casi inánime. El fundamento de la crítica era aún más perverso e hipócrita que los motivos que la suscitaron. Nadie recordaría hoy a esos oscuros censores sino fuera por la obra de Wilde a cuyo carro se subieron para atar allí sus sórdidas banderas de moral. Oscar Wilde estaba asustado de horrorizar al público inglés, sin embargo, esta objeción, casi circunstancial, venia a encubrir un juicio a su homosexualidad, el cual tomaba el rodeo del producto literario para fustigar al autor por este "delito". Lo cierto es que esta magnifica obra pone al descubierto la hipocresía y superficialidad de la aristocracia británica, y muestra a sus exponentes más abominables valiéndose de una historia sorprendente que recuerda a ciertos pactos celebrados con el diablo para superar las debilidades y la finitud humana y alcanzar el sueño de una juventud y belleza eternas.
590 ## - NOTAS LOCALES (RLIN)
Nota local Donación Juan Carlos Constanzo, noviembre 2017.
655 ## - MATERIA - GENERO/FORMA
Género/Forma Literatura
-- 2917
942 ## - ADDED ENTRY ELEMENTS (KOHA)
Source of classification or shelving scheme Dewey Decimal Classification
Item type LITERATURA
Existencias
Estado de retiro Existencia Fuente de clasificación Estado general No para prestamo Colección Ubicación permanente ubicación actual Sala de ubicación Fecha de adquisición Fuente de adquisición Total Checkouts Total Renewals Número de clasificación Código de barras Date last seen Date last borrowed Número de ejemplar Price effective from Koha tipo de elemento (item) Public note
    Dewey Decimal Classification     Non-fiction Biblioteca Medicina Biblioteca Medicina Circulación 21/11/2017 Donación Juan Carlos Constanzo 11 2 808.8 95 WIL 4057 10/08/2022 23/06/2022 Ej. 1 21/11/2017 LITERATURA Donación Juan Carlos Constanzo, noviembre 2017.

UNIVERSIDAD NACIONAL DEL COMAHUE
Biblioteca de la Facultad de Ciencias Médicas
Sede Toschi: Los Arrayanes y Av. Toschi, Cipolletti  - Rio Negro
Sede Los Tordos:  Yrigoyen al 2211, Cipolletti - Rio Negro 

Teléfono: 0299 - 4774707 int 25
Contacto: biblioteca@facimed.uncoma.edu.ar
© 2011 - 2026